Heritability estimates of tree dryness and correlation with latex parameters in Hevea brasiliensis (Record no. 60277)

MARC details
000 -LEADER
fixed length control field 01194nam a2200181Ia 4500
100 ## - MAIN ENTRY--AUTHOR NAME
Personal name Omokhafe K O
245 #0 - TITLE STATEMENT
Title Heritability estimates of tree dryness and correlation with latex parameters in Hevea brasiliensis
260 ## - PUBLICATION, DISTRIBUTION, ETC. (IMPRINT)
Name of publisher Journal of the Rubber Research Institute of Sri Lanka
Year of publication 2000
300 ## - PHYSICAL DESCRIPTION
Number of Pages 17-22
520 ## - SUMMARY, ETC.
Summary, etc Eleven clones of Hevea brasiliensis were evaluated for incidence of tree dryness and four latex parameters at three locations. There was significant clonal variation in incidence of tree dryness with heritability estimates of 0.08 and 0.05 in two locations. Contingency test of tree dryness and the four latex parameters viz. initial volume, final volume, initial flow rate and plugging index was significant with significant correlation between tree dryness and initial volume, final volume and initial flow rate. The breeding and agronomic implications of low heritability of tree dryness and significant correlation with three latex parameters are discussed.
650 ## - SUBJECT ADDED ENTRY--TOPICAL TERM
Topical Term Heritability
650 ## - SUBJECT ADDED ENTRY--TOPICAL TERM
Topical Term Latex parameters
650 ## - SUBJECT ADDED ENTRY--TOPICAL TERM
Topical Term Root stock
650 ## - SUBJECT ADDED ENTRY--TOPICAL TERM
Topical Term Tree dryness
700 ## - ADDED ENTRY--PERSONAL NAME
Personal name Aniamaka E E
942 ## - ADDED ENTRY ELEMENTS (KOHA)
Koha item type Journals
Holdings
Withdrawn status Lost status Damaged status Not for loan Home library Current library Shelving location Date acquired Serial Enumeration / chronology Koha item type
      Journals RRII Library RRII Library Physiology 26/09/2002 Volume 83, Issue Journals